Catalog

Record Details

Catalog Search



Ausgewählte Geschichten und Skizzen  Cover Image Book Book

Ausgewählte Geschichten und Skizzen / von J.L. Perez ; aus dem Jüdischen übersetzt von Mathias Acher

Record details

  • Physical Description: 110 stran ; 15 cm
  • Publisher: Prag : Druck und Verlag von Richard Brandeis, [1906?]

Content descriptions

With Note:
Obsahuje přívazek: Gedichte / von Morris Rosenfeld ; in Nachdichtung von Friedrich Thieberger
Language Note:
Tištěno švabachem
Genre: jidiš povídky

Available copies

  • 1 of 1 copy available at Common Catalog SPOK.

Holds

  • 0 current holds with 1 total copy.
Show Only Available Copies
Location Call Number / Copy Notes Barcode Shelving Location Status Due Date
The Jewish community of Prague K 1942 4638301764 K - Beletrie Available -

LDR 01297nam a2200361 i 4500
00153603
003CZ-PrJAB
00520220729065123.0
007ta
008161207s1906 xr e 000 j ger
015 . ‡acnb002860309
020 . ‡q(Brožováno)
035 . ‡a(CZ PrNK)nkc20162860309
040 . ‡aABA001 ‡bcze ‡erda
0411 . ‡ager ‡hyid
072 7. ‡a821.112.2-3 ‡xNěmecká próza, německy psaná ‡2Konspekt ‡925
080 . ‡a821.112.28-32 ‡2MRF
080 . ‡a(0:82-32) ‡2MRF
1001 . ‡aPeretz, Isaac Leib, ‡dasi 1852-1915 ‡7xx0077386 ‡4aut
24510. ‡aAusgewählte Geschichten und Skizzen / ‡cvon J.L. Perez ; aus dem Jüdischen übersetzt von Mathias Acher
264 1. ‡aPrag : ‡bDruck und Verlag von Richard Brandeis, ‡c[1906?]
300 . ‡a110 stran ; ‡c15 cm
336 . ‡atext ‡btxt ‡2rdacontent
337 . ‡abez média ‡bn ‡2rdamedia
338 . ‡asvazek ‡bnc ‡2rdacarrier
4901 . ‡aJüdische Universal-Bibliothek ; ‡v100
501 . ‡aObsahuje přívazek: Gedichte / von Morris Rosenfeld ; in Nachdichtung von Friedrich Thieberger ‡5CZ-PrNK
546 . ‡aTištěno švabachem
655 7. ‡ajidiš povídky ‡7fd183408 ‡2czenas
7001 . ‡aAcher, Matthias, ‡d1864-1937 ‡7jo20221158026 ‡4trl
830 0. ‡aJüdische Universal-Bibliothek
910 . ‡aABE461
995 . ‡aska
901 . ‡a53603 ‡bAUTOGEN ‡c53603 ‡tbiblio

Additional Resources